[Event "SF Kirchhellen 1 - SV Mülheim-Nord 4"]
[Site "Verbandsklasse - Gruppe 3 201"]
[Date "2018.09.23"]
[Round "1.4"]
[White "Schlueter, Christoph"]
[Black "Sokalska, Viktoriya"]
[Result "1/2-1/2"]
[WhiteElo "1963"]
[BlackElo "1915"]
[PlyCount "45"]
[EventDate "2018.??.??"]

1. d4 Nf6 2. Bf4 g6 3. Nc3 d5 4. f3 Bf5 5. Qd2 Bg7 6. g4 Be6 7. O-O-O Na6 8.
Be5 h6 9. e3 c6 10. Nge2 Qa5 11. Nf4 b5 12. Nxe6 fxe6 13. a3 b4 14. Nb1 Qb6 15.
Bxa6 bxa3 16. Nxa3 Qxa6 17. Qd3 Qxd3 18. Rxd3 Kf7 19. h4 Nd7 20. f4 Rhc8 21.
Rb3 Nb6 22. Kd2 Bxe5 23. fxe5 1/2-1/2

[Event "SF Kirchhellen 1 - SV Mülheim-Nord 4"]
[Site "Verbandsklasse - Gruppe 3 201"]
[Date "2018.09.23"]
[Round "1.5"]
[White "Bartelt, Max Peter"]
[Black "Belitz, Marco"]
[Result "0-1"]
[WhiteElo "1711"]
[BlackElo "1829"]
[PlyCount "94"]
[EventDate "2018.??.??"]

1. d4 e6 2. Nf3 c5 3. c4 cxd4 4. Nxd4 a6 5. Nc3 Nf6 6. g3 Qc7 7. b3 b6 8. Bg2
Bb7 9. O-O Bxg2 10. Kxg2 d5 11. Qd3 dxc4 12. Qxc4 Qxc4 13. bxc4 Nbd7 14. Bb2
Rc8 15. Rac1 Rxc4 16. Na4 Rxa4 17. Rc8+ Ke7 18. Nc6+ Kd6 19. Rd1+ Nd5 20. Nd8
Rg8 21. e4 Rxe4 22. Nxf7+ Ke7 23. Ng5 Re2 24. Ba3+ Kf6 25. Nxh7+ Kg6 26. Nxf8+
Kf7 27. Rd3 Nxf8 28. Rf3+ Nf6 29. Rc7+ Kg6 30. g4 N8h7 31. h4 Nxg4 32. Rc6 Rb8
33. Bd6 Rb7 34. Rg3 Kh5 35. Rc4 Nhf6 36. Kg1 Rd7 37. f3 Rxd6 38. fxg4+ Nxg4 39.
Kf1 Rxa2 40. Ke1 Nf2 41. Rg5+ Kh6 42. Rh5+ Kg6 43. Rg5+ Kh7 44. Rh5+ Kg8 45.
Rc8+ Kf7 46. Rc7+ Kf6 47. Rf7+ Kxf7 0-1

[Event "SF Kirchhellen 1 - SV Mülheim-Nord 4"]
[Site "Verbandsklasse - Gruppe 3 201"]
[Date "2018.09.23"]
[Round "1.6"]
[White "Gajda, Peter"]
[Black "Lamberti, Michele"]
[Result "1/2-1/2"]
[WhiteElo "1824"]
[BlackElo "1739"]
[PlyCount "35"]
[EventDate "2018.??.??"]

1. d4 d6 2. Nf3 Bg4 3. Nbd2 Nd7 4. g3 Bxf3 5. Nxf3 Ngf6 6. Bg2 g6 7. O-O c6 8.
b3 Bg7 9. Bb2 O-O 10. c4 Re8 11. Nd2 e5 12. e4 Qb6 13. d5 Rad8 14. Qe2 h5 15.
Rfe1 Bh6 16. Nf1 Nc5 17. Bc1 Bxc1 18. Raxc1 1/2-1/2

[Event "SF Kirchhellen 1 - SV Mülheim-Nord 4"]
[Site "Verbandsklasse - Gruppe 3 201"]
[Date "2018.09.23"]
[Round "1.7"]
[White "Vavro, Maximilian"]
[Black "Kueper, Peter"]
[Result "1-0"]
[WhiteElo "1694"]
[BlackElo "1845"]
[PlyCount "91"]
[EventDate "2018.??.??"]

1. Nf3 d5 2. d4 e6 3. c4 Bb4+ 4. Bd2 Bxd2+ 5. Nbxd2 Nf6 6. e3 O-O 7. Bd3 b6 8.
Qc2 Nbd7 9. Rc1 c5 10. Nb3 cxd4 11. Nbxd4 Bb7 12. cxd5 Bxd5 13. O-O Rc8 14. Qb1
e5 15. Nf5 Rxc1 16. Rxc1 Nc5 17. Nxe5 Re8 18. Nc4 Bxg2 19. Ncd6 Nxd3 20. Qxd3
Be4 21. Qc4 Bd5 22. Qc7 Qxc7 23. Rxc7 Ra8 24. Ne7+ Kf8 25. Nxd5 Nxd5 26. Rxf7+
Kg8 27. e4 Rd8 28. exd5 Rxd6 29. Rxa7 Rxd5 30. Rb7 Rd6 31. Kf1 h6 32. b4 Kh7
33. a4 Kg6 34. a5 bxa5 35. bxa5 Rd1+ 36. Ke2 Ra1 37. Ra7 Kf5 38. a6 Ke4 39.
Re7+ Kf4 40. a7 g6 41. h3 Ra3 42. Kd2 Ra1 43. Kc3 Kf3 44. Rf7+ Kg2 45. Kb4 Kxh3
46. Rf3+ 1-0

[Event "SF Kirchhellen 1 - SV Mülheim-Nord 4"]
[Site "Verbandsklasse - Gruppe 3 201"]
[Date "2018.09.23"]
[Round "1.8"]
[White "Burkart, Stefan"]
[Black "Dezent, Ilia"]
[Result "1-0"]
[WhiteElo "1783"]
[BlackElo "1831"]
[PlyCount "55"]
[EventDate "2018.??.??"]

1. d4 Nf6 2. Nf3 d6 3. c4 g6 4. Nc3 Bg7 5. e4 O-O 6. Be2 a5 7. Bg5 Na6 8. Qd2
b6 9. O-O Bb7 10. e5 Ne4 11. Nxe4 Bxe4 12. Qe3 Bb7 13. exd6 Qxd6 14. Bxe7 Qd7
15. Bxf8 Rxf8 16. Ne5 Qe6 17. Bg4 f5 18. Bf3 Bxf3 19. Nxf3 Qxc4 20. Rfc1 Qd5
21. Qe2 Nb4 22. Rxc7 Bf6 23. b3 Qd6 24. Rac1 Nd5 25. R1c6 Qb4 26. Qe6+ Kh8 27.
Qxd5 Rd8 28. Rc8 1-0

[Event "SC Listiger Bauer Essen 1 - SV Welper 2"]
[Site "Verbandsklasse - Gruppe 3 201"]
[Date "2018.09.23"]
[Round "1.4"]
[White "Ball, Joerg"]
[Black "Sharma, Rakesh"]
[Result "1/2-1/2"]
[WhiteElo "1894"]
[BlackElo "1849"]
[Annotator "Daniel"]
[PlyCount "41"]
[EventDate "2018.??.??"]

1. e4 c5 2. Nf3 g6 3. d4 cxd4 4. Nxd4 Bg7 5. c4 Nc6 6. Be3 Nf6 7. Nc3 O-O 8.
Be2 d6 9. O-O Bd7 $11 10. Qd2 Nxd4 11. Bxd4 Bc6 12. f3 Nd7 13. Bxg7 Kxg7 14.
Qd4+ Kg8 15. Nd5 e6 16. Nc3 Qb6 17. Qxb6 Nxb6 18. Rfd1 Rfd8 19. Rd2 Rd7 20.
Rad1 Rad8 21. Kf2 1/2-1/2

[Event "SC Listiger Bauer Essen 1 - SV Welper 2"]
[Site "Verbandsklasse - Gruppe 3 201"]
[Date "2018.09.23"]
[Round "1.6"]
[White "Gunkel, Christian"]
[Black "Hoettler, Alexander Walter"]
[Result "1-0"]
[WhiteElo "1916"]
[BlackElo "1680"]
[PlyCount "80"]
[EventDate "2018.??.??"]

1. d4 Nf6 2. Bf4 e6 3. e3 d5 4. a3 Be7 5. c4 c6 6. Nc3 Nbd7 7. h3 O-O 8. Nf3
Ne4 9. Nxe4 dxe4 10. Nd2 Nf6 11. Be2 c5 12. dxc5 Bxc5 13. Qc2 Bd7 14. O-O Bc6
15. b4 Bd6 16. Bxd6 Qxd6 17. b5 Bd7 18. Nxe4 Qe5 19. Bf3 Rac8 20. Nxf6+ Qxf6
21. Qa4 Qh4 22. Qxa7 Qxc4 23. a4 Qc7 24. Qxb7 Qxb7 25. Bxb7 Rb8 26. Bf3 Rfc8
27. Rfd1 Be8 28. Rd6 Rc4 29. Ra6 Rb4 30. Ra8 Rxa8 31. Bxa8 Kf8 32. Bf3 Ke7 33.
a5 Bxb5 34. a6 Bxa6 35. Rxa6 Rb1+ 36. Kh2 Kf6 37. g3 Rb2 38. Kg2 g6 39. h4 h5
40. Ra7 Rxf2+ 1-0

[Event "SC Listiger Bauer Essen 1 - SV Welper 2"]
[Site "Verbandsklasse - Gruppe 3 201"]
[Date "2018.09.23"]
[Round "1.8"]
[White "Breuer, Leon"]
[Black "Volbracht, Michael"]
[Result "1-0"]
[WhiteElo "1634"]
[BlackElo "1730"]
[Annotator "Daniel"]
[PlyCount "41"]
[EventDate "2018.??.??"]

1. d4 d5 2. c4 c5 3. e3 cxd4 4. exd4 Nf6 5. Nc3 e6 6. cxd5 Nxd5 $11 7. Nf3 Nc6
8. Bd3 Be7 9. O-O O-O 10. Re1 Bd7 11. Nxd5 exd5 12. Ne5 Nxe5 13. Rxe5 Be6 14.
Qh5 g6 15. Qh6 Bg4 16. h3 f6 17. Rxe7 Qxe7 18. hxg4 Qe1+ 19. Kh2 Rf7 20. Rb1
Qxf2 21. Be3 1-0

[Event "SC Doppelbauer Brambauer 1 - SV Unna 1"]
[Site "Verbandsklasse - Gruppe 3 201"]
[Date "2018.09.23"]
[Round "1.1"]
[White "Barskij, Aleksandr"]
[Black "Wagner, Norbert"]
[Result "1/2-1/2"]
[WhiteElo "1912"]
[BlackElo "2030"]
[PlyCount "30"]
[EventDate "2018.??.??"]

1. e4 d5 2. exd5 Qxd5 3. Nc3 Qd8 4. d4 Nf6 5. Nf3 c6 6. Bc4 Bf5 7. Ne5 Bg6 8.
h4 Nbd7 9. Nxg6 hxg6 10. Bg5 e6 11. Qe2 Be7 12. O-O-O Nb6 13. Bb3 Nbd5 14. Nxd5
Nxd5 15. Bxe7 Qxe7 1/2-1/2

[Event "SC Doppelbauer Brambauer 1 - SV Unna 1"]
[Site "Verbandsklasse - Gruppe 3 201"]
[Date "2018.09.23"]
[Round "1.2"]
[White "Koth, Stefan"]
[Black "Solberg, Kirsten"]
[Result "1/2-1/2"]
[WhiteElo "2011"]
[BlackElo "1817"]
[Annotator "Daniel"]
[PlyCount "128"]
[EventDate "2018.??.??"]

1. c4 c5 2. Nc3 Nc6 3. Nf3 d6 4. d4 cxd4 5. Nxd4 Nf6 6. e4 g6 7. Be2 Bg7 8. Be3
O-O 9. h3 Bd7 10. O-O Qc8 11. Rc1 Re8 12. Re1 Ne5 13. b3 Nc6 14. Bf1 Nxd4 15.
Bxd4 Bc6 16. Qd2 e5 $11 17. Be3 Nxe4 18. Nxe4 Bxe4 19. Qxd6 Bf8 20. Qd2 Ba3 21.
Rcd1 a5 22. Qe2 Qf5 23. Bc1 Bxc1 24. Rxc1 Bc6 25. Rcd1 e4 26. Rd4 Qg5 27. Qd2
Qxd2 28. Rxd2 Rad8 29. Red1 Rxd2 30. Rxd2 e3 31. fxe3 Rxe3 32. Kf2 Rc3 33. Be2
Kg7 34. Bf3 Bxf3 35. gxf3 a4 36. Rb2 axb3 37. axb3 Kf6 38. Kg3 g5 39. Kg2 $11
h5 40. Kf2 Kf5 41. b4 Rxc4 42. b5 Rc5 43. b6 Ke6 44. h4 gxh4 45. Rb4 h3 46. Kg3
Kf5 47. Kxh3 Kg6 48. Kh4 Rc3 49. Kg3 Kg5 50. Kg2 f5 51. Kg3 Rd3 52. Rb2 h4+ 53.
Kg2 h3+ 54. Kxh3 Rxf3+ 55. Kg2 Rc3 56. Kf2 Rc6 57. Kf3 Kf6 58. Kf4 Rc4+ 59. Kf3
Ke6 60. Rb5 f4 61. Rh5 Rb4 62. Rh7 Kf5 63. Rxb7 Rb3+ 64. Ke2 Ke5 1/2-1/2

[Event "SC Doppelbauer Brambauer 1 - SV Unna 1"]
[Site "Verbandsklasse - Gruppe 3 201"]
[Date "2018.09.23"]
[Round "1.3"]
[White "Vleeming, Vincent"]
[Black "Remmler, Volker"]
[Result "0-1"]
[WhiteElo "1866"]
[BlackElo "2059"]
[PlyCount "54"]
[EventDate "2018.??.??"]

1. d4 Nf6 2. Nf3 d6 3. c4 g6 4. Nc3 Bg7 5. Bf4 Nh5 6. e3 Nxf4 7. exf4 O-O 8. h3
c5 9. d5 e6 10. Be2 exd5 11. cxd5 Na6 12. O-O Nc7 13. Bc4 a6 14. a4 Bd7 15. a5
Nb5 16. Qd2 Qf6 17. Bxb5 Bxb5 18. Rfe1 Rfe8 19. Rxe8+ Rxe8 20. Re1 Rxe1+ 21.
Qxe1 Qd8 22. Nd1 Qe8 23. Qxe8+ Bxe8 24. Kf1 Ba4 25. Ne3 Bxb2 26. Nc4 Bb5 27.
Nfd2 Bc3 0-1

[Event "SC Doppelbauer Brambauer 1 - SV Unna 1"]
[Site "Verbandsklasse - Gruppe 3 201"]
[Date "2018.09.23"]
[Round "1.4"]
[White "Schulz, Hartmut"]
[Black "Reininghaus, Dennis"]
[Result "1-0"]
[WhiteElo "2025"]
[BlackElo "1742"]
[PlyCount "109"]
[EventDate "2018.??.??"]

1. d4 Nf6 2. Nf3 d5 3. Bf4 e6 4. e3 Bd6 5. Bg3 O-O 6. Bd3 b6 7. Nbd2 Bb7 8. Ne5
h6 9. Bh4 Be7 10. f4 Ne4 11. Bxe7 Qxe7 12. O-O Nd7 13. Nxe4 dxe4 14. Bc4 Rad8
15. Qe2 c5 16. c3 cxd4 17. exd4 Qd6 18. Rad1 f5 19. Kh1 Kh7 20. Bb3 b5 21. Rfe1
a6 22. a4 bxa4 23. Bxa4 Nb6 24. Bb3 Nd5 25. Bxd5 Bxd5 26. Qh5 Rb8 27. Rd2 Rf6
28. Qe2 Rff8 29. Ra1 Bb7 30. c4 Rfc8 31. Ra3 Qb4 32. Rg3 Bc6 33. h3 Be8 34. Kh2
Rc7 35. Rc3 Rd8 36. Qe3 Rb8 37. d5 exd5 38. cxd5 Rcb7 39. d6 Rd8 40. Rc7 Rxd6
41. Rxb7 Qxd2 42. Qg3 Rg6 43. Nxg6 Bxg6 44. Qc3 Qxc3 45. bxc3 Kg8 46. Rb6 Bf7
47. Rxa6 Kf8 48. Ra7 g5 49. g3 Bd5 50. Ra5 Be6 51. Kg2 Ke7 52. Kf2 Kd6 53. Ke3
Bd5 54. Kd4 Bb7 55. Rxf5 1-0

[Event "SC Doppelbauer Brambauer 1 - SV Unna 1"]
[Site "Verbandsklasse - Gruppe 3 201"]
[Date "2018.09.23"]
[Round "1.5"]
[White "Algera, Remko Wessel"]
[Black "Bracht, Michael"]
[Result "1/2-1/2"]
[WhiteElo "1675"]
[BlackElo "1951"]
[PlyCount "39"]
[EventDate "2018.??.??"]

1. d3 d5 2. Nd2 e5 3. e4 d4 4. Ngf3 Bg4 5. Be2 Bxf3 6. Nxf3 Nd7 7. c3 c5 8. Qb3
Qb6 9. Bd1 Qxb3 10. Bxb3 f6 11. g4 h6 12. h4 Ne7 13. Bd2 Nc6 14. Ke2 O-O-O 15.
h5 Bd6 16. Nh4 Ne7 17. Rhg1 Rhe8 18. Bf7 Rf8 19. Be6 Rfe8 20. Bf7 1/2-1/2

[Event "SC Doppelbauer Brambauer 1 - SV Unna 1"]
[Site "Verbandsklasse - Gruppe 3 201"]
[Date "2018.09.23"]
[Round "1.6"]
[White "Zimmermann, Dirk"]
[Black "Bertschik, Jonas"]
[Result "1/2-1/2"]
[WhiteElo "1935"]
[BlackElo "1710"]
[PlyCount "44"]
[EventDate "2018.??.??"]

1. d4 d5 2. c4 c6 3. Nf3 Nf6 4. Nc3 dxc4 5. a4 Bf5 6. e3 e6 7. Bxc4 Be7 8. O-O
O-O 9. Qe2 Nbd7 10. e4 Bg4 11. Rd1 Qc7 12. h3 Bh5 13. Bg5 h6 14. Bh4 g5 15. Bg3
Qb6 16. d5 exd5 17. exd5 Rfe8 18. Qc2 Bg6 19. Bd3 Bxd3 20. Qxd3 cxd5 21. Nxd5
Nxd5 22. Qxd5 Nf6 1/2-1/2

[Event "SC Doppelbauer Brambauer 1 - SV Unna 1"]
[Site "Verbandsklasse - Gruppe 3 201"]
[Date "2018.09.23"]
[Round "1.7"]
[White "Watzlawek, Volker"]
[Black "Deckert, Frank"]
[Result "1-0"]
[WhiteElo "1639"]
[BlackElo "1869"]
[PlyCount "83"]
[EventDate "2018.??.??"]

1. Nf3 Nf6 2. g3 d5 3. Bg2 c5 4. d3 Nc6 5. O-O e6 6. Nbd2 Be7 7. e4 Qc7 8. Re1
O-O 9. a4 b6 10. c3 Ba6 11. c4 Rad8 12. e5 Nd7 13. Qe2 Nb4 14. Nb3 Nb8 15. Rd1
Nxd3 16. Rxd3 Bxc4 17. Bf4 Nc6 18. Nbd2 Ba6 19. Ne1 Nb4 20. h4 Rfe8 21. Bf1 Qb7
22. Qh5 Nxd3 23. Bxd3 Bxd3 24. Nxd3 c4 25. Ne1 Rc8 26. Ndf3 Bf8 27. Ng5 h6 28.
Nef3 g6 29. Qg4 hxg5 30. Bxg5 c3 31. b3 Bg7 32. Bf6 Red8 33. h5 Kf8 34. h6 Bxh6
35. Qh4 Bg7 36. Bxd8 Qd7 37. Bf6 c2 38. Rc1 Qc7 39. Qh7 Bxf6 40. exf6 Ke8 41.
Ng5 Kd8 42. Qg8+ 1-0

[Event "SC Doppelbauer Brambauer 1 - SV Unna 1"]
[Site "Verbandsklasse - Gruppe 3 201"]
[Date "2018.09.23"]
[Round "1.8"]
[White "Jochmann, Christian"]
[Black "Seibert, Joachim"]
[Result "1-0"]
[WhiteElo "1822"]
[BlackElo "1611"]
[PlyCount "109"]
[EventDate "2018.??.??"]

1. e4 e5 2. Nf3 Nc6 3. Bc4 Nf6 4. d3 Be7 5. O-O O-O 6. c3 d6 7. h3 Be6 8. Bxe6
fxe6 9. Re1 Qd7 10. a4 Rae8 11. Qb3 Nd8 12. d4 exd4 13. Nxd4 c5 14. Nf5 Kh8 15.
Nxe7 Rxe7 16. e5 Nd5 17. Nd2 Nf4 18. exd6 Ref7 19. Ne4 Nd3 20. Re2 Rf5 21. c4
Nf4 22. Bxf4 Rxf4 23. Nxc5 Qxd6 24. Ne4 Qe7 25. Qe3 Nc6 26. Qc5 Qd7 27. Rd2 Qc7
28. Re1 R4f5 29. Qd6 Qa5 30. Red1 e5 31. Nc5 Nd4 32. Ne6 R5f6 33. Qc5 Qxc5 34.
Nxc5 Rg6 35. Kf1 b6 36. Nd7 Re8 37. Nxe5 Rge6 38. Rxd4 Rxe5 39. Rd8 h6 40.
Rxe8+ Rxe8 41. b4 Re4 42. Rc1 a6 43. c5 bxc5 44. bxc5 Re8 45. c6 Rc8 46. c7 Kh7
47. Ke2 Kg6 48. Ke3 Kf5 49. Kd4 Ke6 50. f4 Kd6 51. g4 g6 52. f5 g5 53. a5 Kd7
54. Kd5 Ke7 55. Kc6 1-0

[Event "SV Eichlinghofen 1 - Oberhausener SV 2"]
[Site "Regionalliga 2018/2019"]
[Date "2018.09.30"]
[Round "2.2"]
[White "Schuette, Tobias"]
[Black "Joergens, Markus"]
[Result "1/2-1/2"]
[WhiteElo "2035"]
[BlackElo "1984"]
[PlyCount "73"]
[EventDate "2018.??.??"]

1. e4 e5 2. Nc3 Nf6 3. Nf3 Nc6 4. d4 exd4 5. Nd5 Be7 6. Bf4 d6 7. Nxd4 Nxd4 8.
Qxd4 Nxd5 9. exd5 O-O 10. O-O-O Bf5 11. Be2 Bf6 12. Qd2 Qd7 13. f3 Qa4 14. Kb1
Bxc2+ 15. Qxc2 Qxf4 16. Qe4 Qxe4+ 17. fxe4 Rfe8 18. Bf3 Be5 19. Rc1 Re7 20. Rc4
Rb8 21. b3 b5 22. Rc6 Bd4 23. Rhc1 Bb6 24. b4 g6 25. Kc2 f5 26. exf5 gxf5 27.
Rc3 a5 28. bxa5 Bxa5 29. Rb3 b4 30. a3 Rb5 31. axb4 Rxb4 32. Rxb4 Bxb4 33. Kd3
Bc5 34. Rc2 Kg7 35. Re2 Re5 36. Kc4 Kf6 37. Rxe5 1/2-1/2

[Event "SV Eichlinghofen 1 - Oberhausener SV 2"]
[Site "Regionalliga 2018/2019"]
[Date "2018.09.30"]
[Round "2.3"]
[White "Weyh, Thomas"]
[Black "Brockmann, Michael"]
[Result "1/2-1/2"]
[WhiteElo "2003"]
[BlackElo "2002"]
[PlyCount "40"]
[EventDate "2018.??.??"]

1. d4 d5 2. c4 e6 3. Nc3 Be7 4. cxd5 exd5 5. Bf4 Nf6 6. e3 c5 7. Nf3 Nc6 8. Be2
Be6 9. h3 Rc8 10. O-O O-O 11. dxc5 Bxc5 12. Rc1 Be7 13. Qa4 Qb6 14. Qb5 Qxb5
15. Nxb5 Ne4 16. Nfd4 g5 17. Bh2 Nxd4 18. Nxd4 Rxc1 19. Rxc1 Rc8 20. Rxc8+ Bxc8
1/2-1/2

[Event "SV Eichlinghofen 1 - Oberhausener SV 2"]
[Site "Regionalliga 2018/2019"]
[Date "2018.09.30"]
[Round "2.4"]
[White "Dreier, Daniel"]
[Black "GroÃŸ, Thomas"]
[Result "1-0"]
[WhiteElo "1910"]
[BlackElo "1970"]
[PlyCount "65"]
[EventDate "2018.??.??"]

1. e4 c6 2. f4 d5 3. Nc3 dxe4 4. Nxe4 Nf6 5. Ng3 h5 6. Qf3 Bg4 7. Qb3 h4 8.
N3e2 Qc7 9. d4 Nbd7 10. Nf3 e6 11. h3 Bf5 12. Be3 Nd5 13. Bf2 Be7 14. a3 Nxf4
15. Nxf4 Qxf4 16. Qxb7 Rb8 17. Qxc6 Rxb2 18. Bd3 Bxd3 19. cxd3 Qd6 20. Qc3 Qb8
21. O-O O-O 22. Rac1 Nf6 23. Ne5 Nd5 24. Qe1 Bg5 25. Nd7 Qd6 26. Nxf8 Rxf2 27.
Rxf2 Be3 28. Rc8 Qg3 29. Qe2 g6 30. Qf3 Qxf3 31. gxf3 Ne7 32. Ra8 Kg7 33. Kg2
1-0

[Event "SV Eichlinghofen 1 - Oberhausener SV 2"]
[Site "Regionalliga 2018/2019"]
[Date "2018.09.30"]
[Round "2.5"]
[White "Gerst, Michael"]
[Black "Leyrer, Thomas"]
[Result "1-0"]
[WhiteElo "1933"]
[BlackElo "1891"]
[PlyCount "125"]
[EventDate "2018.??.??"]

1. d4 d5 2. c4 c6 3. Nf3 e6 4. Qc2 f5 5. g3 Nf6 6. Bg2 Be7 7. O-O a5 8. Ne5 O-O
9. Nd2 Nbd7 10. Ndf3 Ne4 11. Nd3 Ndf6 12. Nfe5 dxc4 13. Qxc4 Qd5 14. Nf4 Qxc4
15. Nxc4 c5 16. f3 Ng5 17. Be3 cxd4 18. Bxd4 b5 19. Ne5 Bb7 20. h4 Nf7 21. Nxe6
Rfc8 22. Rac1 Nxe5 23. Bxe5 Bd5 24. Nc7 Ra7 25. Nxd5 Rxc1 26. Nxe7+ Rxe7 27.
Rxc1 Rxe5 28. Kf2 Kf7 29. e3 Ke6 30. a3 Kd6 31. Rc2 Nd7 32. f4 Rc5 33. Rd2+ Ke7
34. e4 fxe4 35. Bxe4 g6 36. Ke3 Nb6 37. b3 a4 38. Rd3 Ke6 39. Kd4 Rc1 40. bxa4
Nxa4 41. Bd5+ Kf5 42. Bg8 h6 43. Rb3 Rd1+ 44. Ke3 Rd8 45. Rxb5+ Kg4 46. Bb3 Nc3
47. Rb6 Kxg3 48. Rxg6+ Kxh4 49. Rxh6+ Kg4 50. Be6+ Kg3 51. f5 Kg4 52. Rg6+ Kh5
53. Rg8 Rd6 54. Kf4 Rd4+ 55. Ke5 Re4+ 56. Kf6 Ra4 57. Ke5 Ra5+ 58. Kd4 Nb5+ 59.
Kc5 Rxa3 60. Kxb5 Rf3 61. Kc5 Kh6 62. Kd6 Kh7 63. Rg1 1-0

[Event "SV Eichlinghofen 1 - Oberhausener SV 2"]
[Site "Regionalliga 2018/2019"]
[Date "2018.09.30"]
[Round "2.6"]
[White "Wloka, Sebastian"]
[Black "Stefaniak, Christian"]
[Result "1/2-1/2"]
[WhiteElo "1884"]
[BlackElo "1914"]
[PlyCount "67"]
[EventDate "2018.??.??"]

1. d4 e6 2. Nf3 Nf6 3. Bg5 c5 4. e3 b6 5. Bd3 Be7 6. O-O cxd4 7. exd4 O-O 8.
Nbd2 Ba6 9. Nc4 Qc7 10. Ne3 Bxd3 11. Qxd3 d5 12. Rae1 Nc6 13. c3 Rfe8 14. g3 h6
15. Bf4 Bd6 16. Ng2 Bxf4 17. Nxf4 Rab8 18. Ne5 Nxe5 19. dxe5 Nd7 20. Qe2 b5 21.
a3 a5 22. Nh5 Qd8 23. h4 Kh8 24. Rd1 f5 25. exf6 Nxf6 26. Nf4 Qd6 27. Ng6+ Kh7
28. Ne5 Kg8 29. g4 Nd7 30. Nxd7 Qxd7 31. Qe5 Qf7 32. Rd4 Rf8 33. f4 Rbe8 34.
Re1 1/2-1/2

[Event "SV Eichlinghofen 1 - Oberhausener SV 2"]
[Site "Regionalliga 2018/2019"]
[Date "2018.09.30"]
[Round "2.8"]
[White "Gitschel, Ralf"]
[Black "Hombrecher, Kai"]
[Result "1/2-1/2"]
[WhiteElo "1870"]
[BlackElo "1851"]
[PlyCount "76"]
[EventDate "2018.??.??"]

1. e4 c6 2. d4 d5 3. Nc3 dxe4 4. Nxe4 Bf5 5. Ng3 Bg6 6. Nf3 Nf6 7. Bd3 Bxd3 8.
Qxd3 e6 9. O-O Be7 10. a3 O-O 11. c4 c5 12. Be3 Nc6 13. Rad1 cxd4 14. Nxd4 Nxd4
15. Bxd4 Qc7 16. Qe2 Rfd8 17. b4 Rac8 18. c5 a6 19. Qf3 Qc6 20. Qxc6 bxc6 21.
Bxf6 Bxf6 22. Ne4 Be5 23. g3 Rd5 24. f4 Bd4+ 25. Kg2 Rcd8 26. Nd6 Bb2 27. Rxd5
exd5 28. Rf3 Rd7 29. Rb3 Bf6 30. Re3 Be7 31. Nc8 Kf8 32. Kf3 Rc7 33. Nxe7 Rxe7
34. Ke2 h5 35. Kd3 Rxe3+ 36. Kxe3 Ke7 37. Kd4 Kd7 38. a4 g6 1/2-1/2

[Event "SV Horst-Emscher 1 - SV Wattenscheid 2"]
[Site "Regionalliga 2018/2019"]
[Date "2018.09.30"]
[Round "2.1"]
[White "Schroeder, Wilfried"]
[Black "Baerwolf, Steven"]
[Result "0-1"]
[WhiteElo "2169"]
[BlackElo "2144"]
[PlyCount "68"]
[EventDate "2018.??.??"]

1. d4 b6 2. Nf3 Bb7 3. c4 e6 4. e3 Nf6 5. Bd3 c5 6. O-O Be7 7. Nc3 O-O 8. b3 d5
9. Bb2 Nc6 10. dxc5 bxc5 11. Qe2 Qa5 12. Rfd1 Rfd8 13. Rac1 Rac8 14. Na4 d4 15.
exd4 cxd4 16. Nxd4 Nxd4 17. Bxd4 Rxd4 18. Bxh7+ Nxh7 19. Rxd4 Bxg2 20. Qe1
Qxe1+ 21. Rxe1 Bc6 22. Kf1 Ng5 23. Red1 Nf3 24. R4d3 Nxh2+ 25. Ke2 Ng4 26. Nc3
Nf6 27. Rb1 a5 28. Rg1 g6 29. Rh3 Kg7 30. Rgg3 Bb4 31. Rh4 e5 32. Re3 Nh5 33.
Kf1 Rd8 34. f3 Ng3+ 0-1

[Event "SV Horst-Emscher 1 - SV Wattenscheid 2"]
[Site "Regionalliga 2018/2019"]
[Date "2018.09.30"]
[Round "2.2"]
[White "Kroeger, Fabian"]
[Black "Schlehoefer, Ralf"]
[Result "0-1"]
[WhiteElo "2215"]
[BlackElo "2195"]
[PlyCount "76"]
[EventDate "2018.??.??"]

1. e4 e5 2. Nc3 Bb4 3. Qg4 Bf8 4. Qg3 Nc6 5. Bb5 d6 6. d3 Nf6 7. Nge2 a6 8.
Bxc6+ bxc6 9. O-O Nh5 10. Qf3 g6 11. d4 Bg7 12. dxe5 Bxe5 13. Qe3 O-O 14. f4
Bg7 15. Qf3 Bb7 16. g4 Nf6 17. f5 Nd7 18. g5 Re8 19. f6 Bf8 20. Bf4 d5 21. Rad1
dxe4 22. Qh3 Bc5+ 23. Kg2 Re6 24. Kg3 Qe8 25. Nd4 Re5 26. Nce2 h5 27. Kf2 Bd6
28. Ke1 c5 29. Nb3 Rd8 30. Na5 Bd5 31. c4 Ba8 32. Be3 Rb8 33. Nb3 Nb6 34. Nd2
Na4 35. b3 Nb2 36. Kf2 Nxd1+ 37. Rxd1 Rf5+ 38. Ke1 Rf3 0-1

[Event "SV Horst-Emscher 1 - SV Wattenscheid 2"]
[Site "Regionalliga 2018/2019"]
[Date "2018.09.30"]
[Round "2.3"]
[White "Buchenthal, Dieter"]
[Black "Buschmann, Andreas"]
[Result "1/2-1/2"]
[WhiteElo "2111"]
[BlackElo "2011"]
[PlyCount "47"]
[EventDate "2018.??.??"]

1. c4 g6 2. Nf3 Bg7 3. d3 d6 4. g3 e5 5. Nc3 f5 6. Bg5 Nf6 7. Qc1 O-O 8. Bg2 c6
9. c5 Na6 10. cxd6 Qxd6 11. O-O Nd5 12. Nd2 Be6 13. Nc4 Qd7 14. Bd2 b5 15. Na5
Rac8 16. Nd1 c5 17. b3 Rc7 18. a4 b4 19. Ra2 Re8 20. Ne3 Nb6 21. Rc2 Qf7 22.
Nec4 Nxc4 23. Nxc4 Rd8 24. f4 1/2-1/2

[Event "SV Horst-Emscher 1 - SV Wattenscheid 2"]
[Site "Regionalliga 2018/2019"]
[Date "2018.09.30"]
[Round "2.4"]
[White "Becker, Marco"]
[Black "Koehn, Peter"]
[Result "1/2-1/2"]
[WhiteElo "1959"]
[BlackElo "2137"]
[PlyCount "111"]
[EventDate "2018.??.??"]

1. e4 g6 2. d4 Bg7 3. Be3 Nf6 4. Nc3 d5 5. e5 Ng4 6. Bf4 c5 7. h3 Nh6 8. dxc5
d4 9. Nb5 Nc6 10. Qd2 Nf5 11. g4 a6 12. Na3 Qd5 13. Rh2 Nh4 14. Bg3 Bxe5 15.
Nc4 Bxg3 16. fxg3 Nf3+ 17. Nxf3 Qxf3 18. Qf4 Qxf4 19. gxf4 h5 20. g5 Bf5 21.
O-O-O O-O-O 22. a3 h4 23. Re2 d3 24. cxd3 Bxd3 25. Red2 Bxf1 26. Rxf1 Kc7 27.
b4 Rxd2 28. Kxd2 Kd7 29. Re1 Rf8 30. Ke3 Ke6 31. Kf3+ Kd5 32. Ne5 Nd4+ 33. Kg4
Nc2 34. Rd1+ Ke4 35. Nc4 f5+ 36. Kxh4 Kxf4 37. Rf1+ Ke4 38. Kg3 f4+ 39. Kf2 Rd8
40. Rc1 Ne3 41. Ke2 Nd5 42. Nd2+ Kf5 43. h4 e5 44. c6 bxc6 45. Rxc6 e4 46. Nc4
Nc3+ 47. Kf2 Rd3 48. Rf6+ Kg4 49. Ne5+ Kxh4 50. Nxd3 exd3 51. Rxf4+ Kxg5 52.
Rd4 d2 53. Rxd2 Ne4+ 54. Ke2 Nxd2 55. Kxd2 Kf4 56. a4 1/2-1/2

[Event "SV Horst-Emscher 1 - SV Wattenscheid 2"]
[Site "Regionalliga 2018/2019"]
[Date "2018.09.30"]
[Round "2.5"]
[White "Gohla, Ulf"]
[Black "Goeldenboog, Juergen"]
[Result "1-0"]
[WhiteElo "2131"]
[BlackElo "1890"]
[PlyCount "69"]
[EventDate "2018.??.??"]

1. d4 d5 2. c4 dxc4 3. Nf3 Nf6 4. e3 c5 5. Bxc4 cxd4 6. Qb3 e6 7. Nxd4 Nc6 8.
Nxc6 bxc6 9. O-O Be7 10. Nd2 O-O 11. Qc2 Qb6 12. b3 Ba6 13. Bb2 Rfd8 14. Rac1
Rac8 15. Nf3 Bxc4 16. Qxc4 Qb5 17. Nd4 Qxc4 18. Rxc4 c5 19. Rfc1 Rb8 20. Nc6
Kf8 21. Ra4 Rbc8 22. Nxd8 Rxd8 23. Rxa7 Ne4 24. Bxg7+ Kxg7 25. Rxe7 Kf6 26. Ra7
Rd2 27. f3 Nf2 28. Kf1 Nd3 29. Rd7 Rf2+ 30. Kg1 Nxc1 31. Kxf2 Nxa2 32. Ke1 Nc1
33. Rb7 Ke5 34. Kd2 Na2 35. Rxf7 1-0

[Event "SV Horst-Emscher 1 - SV Wattenscheid 2"]
[Site "Regionalliga 2018/2019"]
[Date "2018.09.30"]
[Round "2.6"]
[White "Arndt, Olaf"]
[Black "Schlange, Stefan"]
[Result "0-1"]
[WhiteElo "1899"]
[BlackElo "2070"]
[PlyCount "86"]
[EventDate "2018.??.??"]

1. e4 e5 2. Nf3 Nc6 3. Bb5 f5 4. d3 fxe4 5. dxe4 Nf6 6. Nc3 Bb4 7. Qd3 Bxc3+ 8.
bxc3 d6 9. O-O O-O 10. Bxc6 bxc6 11. Qc4+ Kh8 12. Qxc6 Rb8 13. Bg5 Bd7 14. Qa6
Bb5 15. Qxa7 Bxf1 16. Kxf1 Rb6 17. a4 Qb8 18. Qxb8 Rfxb8 19. Nd2 Ra6 20. a5 Rb2
21. Ke2 Rxc2 22. Kd3 Rb2 23. f3 Nd7 24. Be3 Rb5 25. Nc4 Nb8 26. Kc2 Kg8 27. Rf1
Nc6 28. f4 Nxa5 29. Na3 Rb3 30. Bc1 exf4 31. Rxf4 Rb8 32. Rf5 Nc6 33. Rb5 Rab6
34. Rg5 Ne5 35. c4 Rb4 36. Kc3 Rb3+ 37. Kc2 Nd3 38. Nb5 Nxc1 39. Kxc1 Rb4 40.
Kd2 Rxc4 41. Nc3 c6 42. Kd3 Rcb4 43. Ra5 Rb2 0-1